American bands [pic] - Statistics

General Stats
  • This quiz has been taken 25 times
  • The average score is 6 of 16
Answer Stats
Picture Answer % Correct
KISS
100%
Slipknot
70%
Megadeth
61%
Slayer
57%
Twisted Sister
57%
The Mamas and the Papas
48%
Rage Against the Machine
43%
The Beach Boys
35%
Mötley Crüe
30%
Public Enemy
30%
Alice in Chains
26%
Outkast
17%
Beastie Boys
13%
Tool
13%
Agalloch
4%
Kansas
0%
No matching quizzes found
Score Distribution
Percent of People with Each Score
Percentile by Number Answered
Your Score History
You have not taken this quiz